000 01532nam a22004090a 4500
001 PT15353
003 AR-LpoUNG
005 20210516202712.0
008 191001ss.f.||||ag |||||||||||||||||spa d
040 _aAR-LpoUNG
_bspa
_cAR-LpoUNG
_eaacr
041 _aspa
044 _aag
082 0 _a306.01 678fm
111 2 _aCongreso Regional de la Cultura, 1, Buenos Aires
245 1 0 _aFM barrial :
_bla primera radio comunitaria de General Sarmiento
260 _aBuenos Aires :
_bSOFOVIAL,
_cs.f..
505 0 _aPrograma de Desarrollo Local
520 _aLa primera Radio Comunitaria de Gral. Sarmiento. 10 años de historia reflejados en el acompañar crítico de una radio sensible a los acontecimientos donde está en juego la dignidad y la esperanza. Una radio pionera en la expresión comunitaria y una incipiente asociación de radiodifusores en el cielo comunitario de J.C. Paz.
650 4 _aACUERDOS CULTURALES
650 4 _aARTE
650 4 _aCULTURA POPULAR
650 4 _aCULTURA TRADICIONAL
650 4 _aDERECHO A LA CULTURA
650 4 _aDESARROLLO CULTURAL
650 4 _aDIFUSION DE LA CULTURA
650 4 _aFACTORES CULTURALES
650 4 _aIDENTIDAD CULTURAL
650 4 _aPOLITICA CULTURAL
650 4 _aSOCIEDAD
650 4 _aSOFOVIAL
653 _aVIDEOS
710 2 _aSociedad de Fomento del Video Alternativo
710 2 _aSociedad de Fomento del Video Alternativo (Buenos Aires)
710 2 _aUniversidad Nacional de General Sarmiento
905 _a15353
942 _cVIDEO
999 _c54215
_d54215